عرض عادي
عرض مارك
- Loi, Michele
دخول Personal Name
001 - CONTROL NUMBER
- control field: 19484
003 - CONTROL NUMBER IDENTIFIER
- control field: AE-AdECS
005 - DATE AND TIME OF LATEST TRANSACTION
- control field: 20250827130945.0
008 - FIXED-LENGTH DATA ELEMENTS
- fixed length control field: 250827|| aca||aabn | a|a d
040 ## - CATALOGING SOURCE
- Original cataloging agency: AE-AdECS
- Transcribing agency: AE-AdECS
100 ## - HEADING--PERSONAL NAME
- Personal name: Loi, Michele
670 ## - SOURCE DATA FOUND
- Source citation: Work cat.: (AE-AdECS)291970: The ethics of cybersecurity /
